Foreign-Born Celebrities Who are Famous in the U.S. Quiz Stats

 Plays Quiz not verified by Sporcle

Also try: Cartoon Voices
Challenge
Share
Tweet
Embed
Score 0/20 Timer 05:00
0 Plays Today
Hint Celebrity % Correct
Canada-born, 'My Heart Will Go On'Celine Dion
86.7%
England-born, Silent filmsCharlie Chaplin
78.9%
Tanzania-born, Indian, Lead singer for the band QueenFreddie Mercury
76.7%
Spain-born, Vanilla SkyPenelope Cruz
75.6%
Israel-born, 'V for Vendetta'Natalie Portman
72.2%
Ireland-formed, 'Beautiful Day'U2
72.2%
Ukraine-born, 'That 70s Show'Mila Kunis
68.9%
Austria-born, 'Jingle All the Way'Arnold Schwarzenegger
64.4%
Ireland-born, 'Taken'Liam Neeson
62.2%
England-born, Creator of 'The Office'Ricky Gervais
60%
Hint Celebrity % Correct
Mexico-born, 'Wild Wild West'Salma Hayek
54.4%
New Zealand-born, Australian, Country musicKeith Urban
52.2%
Russia-born, One of the 'Spice Girls of Tennis'Anna Kournikova
43.3%
South Africa-born, Canadian, Formerly Phoenix Suns Point GuardSteve Nash
40%
Australia-formed, 'T.N.T.'AC/DC
36.7%
India-born, 'Slumdog Millionaire': LatikaFreida Pinto
31.1%
Nigeria-born, Retired Houston Rockets centerHakeem Olajuwon
31.1%
Czechloslovakia-born, Appointed by Bill ClintonMadeleine Albright
20%
South Africa-formed, Performed 'Broken' with EvanescenceSeether
11.1%
England-born, Australian, One of the 'Prison Break' brothersDominic Purcell
7.8%

You're not logged in!

Compare scores with friends on all Sporcle quizzes.
Join for Free
OR
Log In

You Might Also Like...

Show Comments

Extras

Top Quizzes Today


Score Distribution

Your Account Isn't Verified!

In order to create a playlist on Sporcle, you need to verify the email address you used during registration. Go to your Sporcle Settings to finish the process.

Report this User

Report this user for behavior that violates our Community Guidelines.

Details: